Statistics for Countries With the Most Russian Speakers

Click here to take the quiz!

General Stats

  • This quiz has been taken 1,100 times
    (901 since last reset)
  • The average score is 14 of 16

Answer Stats

# Speakers%Country% Correct
118,581,51485.7Russia
100%
14,273,67029.6Ukraine
99%
6,672,96470.2Belarus
97%
3,793,80021.2Kazakhstan
96%
900,2050.30United States
96%
698,75733.8Latvia
94%
383,11829.6Estonia
94%
218,3837.20Lithuania
94%
2,257,0002.80Germany
85%
77,1771.40Finland
85%
112,1500.30Canada
84%
482,2008.90Kyrgyzstan
83%
305,8025.40Turkmenistan
81%
264,1629.70Moldova
79%
122,4491.40Azerbaijan
79%
1,155,96015.0Israel
35%

Score Distribution

Percentile by Number Answered

Percent of People with Each Score

Your Score History

You have not taken this quiz since the last reset